Japan's imports 1974

में बचाया:
ग्रंथसूची विवरण
स्वरूप: पुस्तक
भाषा:Undetermined
प्रकाशित: Tokyo Ministry of International Trade and Industry 1974
विषय:
टैग : टैग जोड़ें
कोई टैग नहीं, इस रिकॉर्ड को टैग करने वाले पहले व्यक्ति बनें!
Thư viện lưu trữ: Trung tâm Học liệu Trường Đại học Cần Thơ
LEADER 00449nam a2200169Ia 4500
001 CTU_105413
008 210402s9999 xx 000 0 und d
082 |a 382.0952 
082 |b J35/1974 
245 0 |a Japan's imports 1974 
260 |a Tokyo 
260 |b Ministry of International Trade and Industry 
260 |c 1974 
650 |a Japan 
650 |x Commerce 
904 |i Tuyến 
980 |a Trung tâm Học liệu Trường Đại học Cần Thơ